000
00211 a2200097 4500
001
17397
100
_a
Morrison
245
_a
Engineers in training examination EIT
260
_a
_b
ARCO
_c
090
_c
12856
_d
12856
942
_a
NUST-CAE
_c
M
_c
3176
999
_c
252470
_d
252470